Cooper by quote Quiz Stats

 Plays Quiz not verified by Sporcle

Challenge
Share
Tweet
Embed
Score 0/13 Timer 10:00
0 Plays Today
Dica Resposta % Correct
Engraçado?!Joaquim
100%
Neison?!Joaquim
100%
Melhor pçoaVinicius
80%
Magia Negra!!!Vinicius
80%
DesculpaDenis
60%
X-O-T-A SHOWPedro
60%
Ta fodaNeison
60%
Funny?!André
60%
CafezesCaldas
60%
Eu sou (resposta)PA
40%
Pode ficar a vontadeLeo
40%
'palminhas'Priscilla
40%
Como tá a família?Jonathan
40%

You're not logged in!

Compare scores with friends on all Sporcle quizzes.
Join for Free
OR
Log In

You Might Also Like...

Show Comments

Extras

Created Sep 6, 2016ReportNominate
Tags:Quote Quiz, cooper, dica, resposta

Top Quizzes Today


Score Distribution

Your Account Isn't Verified!

In order to create a playlist on Sporcle, you need to verify the email address you used during registration. Go to your Sporcle Settings to finish the process.

Report this User

Report this user for behavior that violates our Community Guidelines.

Details: